The Effects of Non-Stationarity Demand on Hotel Financial Performance (Record no. 313597)
[ view plain ]
| 000 -LEADER | |
|---|---|
| fixed length control field | 00465nam a2200133Ia 4500 |
| 008 - FIXED-LENGTH DATA ELEMENTS--GENERAL INFORMATION | |
| fixed length control field | 170221s9999 xx 000 0 und d |
| 100 ## - MAIN ENTRY--PERSONAL NAME | |
| Personal name | Kelly Semrad |
| 245 #4 - TITLE STATEMENT | |
| Title | The Effects of Non-Stationarity Demand on Hotel Financial Performance |
| 245 ## - TITLE STATEMENT | |
| Statement of responsibility, etc | Kelly Semrad |
| 260 ## - PUBLICATION, DISTRIBUTION, ETC. (IMPRINT) | |
| Date of publication, distribution, etc | 2015 |
| 300 ## - PHYSICAL DESCRIPTION | |
| Extent | 10 : 2 |
| 650 ## - SUBJECT ADDED ENTRY--TOPICAL TERM | |
| General subdivision | Business |
| 856 ## - ELECTRONIC LOCATION AND ACCESS | |
| Uniform Resource Identifier | <a href="http://www.omicsgroup.org/journals/the-effects-of-nonstationarity-demand-on-hotel-financial-performance-2169-0286-1000140.pdf">http://www.omicsgroup.org/journals/the-effects-of-nonstationarity-demand-on-hotel-financial-performance-2169-0286-1000140.pdf</a> |
| Withdrawn status | Lost status | Damaged status | Home library | Current library | Date acquired | Total Checkouts | Date last seen | Price effective from | Koha item type |
|---|---|---|---|---|---|---|---|---|---|
| College Library | College Library | 02/21/2017 | 02/21/2017 | 02/21/2017 | Foreign e-journal articles |